000 00256nam a2200097Ia 4500
008 230605s9999 xx 000 0 und d
041 _aeng
100 _aKhandge
245 _aWomens Literature in Indian Languages (1850 to 2000 ) Vol- II
650 _aG.SKILL
999 _c417723
_d417723